[Event "26th Zadar Open 2019"]
[Site "Zadar"]
[Date "2019.12.15"]
[Round "1.19"]
[White "Chan, Kim Yew"]
[Black "Lye, Lik Zang"]
[Result "1/2-1/2"]
[WhiteElo "2245"]
[BlackElo "2379"]
[Annotator "NA"]
[PlyCount "179"]
[EventDate "2019.12.15"]
[EventType "swiss"]
[EventCountry "CRO"]
[SourceTitle "playchess.com"]
[Source "ChessBase"]
[SourceQuality "1"]
[TimeControl "40/5400+30:1800+30"]

1. Nf3 {[%emt 0:51:30]} d5 {[%emt 0:33:30]} 2. c4 {[%emt 0:00:30]} d4 {[%emt 0:01:30]} 3. b4 {[%emt 0:00:30]} c5 {[%emt 0:00:30]} 4. e3 {[%emt 0:00:30]} Nf6 {[%emt 0:00:30]} 5. bxc5 {[%emt 0:00:30]} Nc6 {[%emt 0:00:30]} 6. exd4 {[%emt 0:00:30]} Nxd4 {[%emt 0:00:30]} 7. Bb2 {[%emt 0:00:30]} e5 {[%emt 0:00:30]} 8. Nxd4 {[%emt 0:00:30]} exd4 {[%emt 0:00:30]} 9. d3 {[%emt 0:00:30]} Bxc5 {[%emt 0:05:30]} 10. Be2 {[%emt 0:01:30]} O-O {[%emt 0:00:30]} 11. O-O {[%emt 0:00:30]} Bf5 {[%emt 0:00:30]} 12. Nd2 {[%emt 0:00:30]} Re8 {[%emt 0:01:30]} 13. Nb3 {[%emt 0:02:30]} b6 {[%emt 0:03:30]} 14. Qd2 {[%emt 0:10:30]} Qd6 {[%emt 0:03:30]} 15. Nxc5 {[%emt 0:00:30]} bxc5 {[%emt 0:00:30]} 16. Rfe1 {[%emt 0:02:30]} Rab8 {[%emt 0:04:30]} 17. Ba3 {[%emt 0:03:30]} Nd7 {[%emt 0:02:30]} 18. Qa5 {[%emt 0:01:30]} Qb6 {[%emt 0:08:30]} 19. Qa4 {[%emt 0:10:35]} Ne5 {[%emt 0:05:30]} 20. Rab1 {[%emt 0:03:03]} Qxb1 {[%emt 0:13:48]} 21. Qxe8+ {[%emt 0:00:21]} Rxe8 {[%emt 0:00:05]} 22. Rxb1 {[%emt 0:00:00]} Nxd3 {[%emt 0:01:25]} 23. Bxd3 {[%emt 0:02:20]} Bxd3 {[%emt 0:00:05]} 24. Rc1 {[%emt 0:00:58]} Bxc4 {[%emt 0:01:07]} 25. Bxc5 {[%emt 0:00:13]} d3 {[%emt 0:00:19]} 26. Be3 {[%emt 0:02:37]} Bxa2 {[%emt 0:00:06]} 27. Ra1 {[%emt 0:00:31]} Bb3 {[%emt 0:07:49]} 28. Rxa7 {[%emt 0:00:41]} f5 {[%emt 0:00:19]} 29. Rd7 {[%emt 0:01:58]} f4 {[%emt 0:01:44]} 30. Bd2 {[%emt 0:00:01]} Bc4 {[%emt 0:01:47]} 31. h4 {[%emt 0:01:02]} f3 {[%emt 0:01:41]} 32. gxf3 {[%emt 0:00:52]} Re2 {[%emt 0:00:22]} 33. Be3 {[%emt 0:01:05]} Kf8 {[%emt 0:00:42]} 34. Kg2 {[%emt 0:00:39]} Ke8 {[%emt 0:00:30]} 35. Rd4 {[%emt 0:00:01]} Bb5 {[%emt 0:00:17]} 36. Rd5 {[%emt 0:00:47]} Ba6 {[%emt 0:00:27]} 37. Rd6 {[%emt 0:00:28]} Ra2 {[%emt 0:00:04]} 38. Kg3 {[%emt 0:00:04]} Ke7 {[%emt 0:00:13]} 39. Rd4 {[%emt 0:00:42]} Ke6 {[%emt 0:00:38]} 40. Kf4 {[%emt 0:00:27]} Ra1 {[%emt 0:00:58]} 41. Rd8 {[%emt 0:31:06]} Ra4+ {[%emt 0:01:34]} 42. Kg3 {[%emt 0:00:00]} Bc4 {[%emt 0:05:30]} 43. Rd4 {[%emt 0:00:00]} Bb5 {[%emt 0:04:30]} 44. Rxa4 {[%emt 0:00:00]} Bxa4 {[%emt 0:00:30]} 45. Kf4 {[%emt 0:00:00]} Kd5 {[%emt 0:00:30]} 46. Bc1 {[%emt 0:00:00]} Kd4 {[%emt 0:01:34]} 47. Bb2+ {[%emt 0:00:00]} Kc4 {[%emt 0:00:26]} 48. Ke3 {[%emt 0:00:00]} Kb3 {[%emt 0:00:30]} 49. Bc1 {[%emt 0:00:00]} Kc2 {[%emt 0:00:30]} 50. Bd2 {[%emt 0:00:00]} Bc6 {[%emt 0:00:30]} 51. f4 {[%emt 0:00:00]} Be4 {[%emt 0:00:30]} 52. Ba5 {[%emt 0:00:00]} Bf5 {[%emt 0:00:30]} 53. Bb4 {[%emt 0:00:00]} Kb3 {[%emt 0:00:30]} 54. Ba5 {[%emt 0:00:00]} Kc4 {[%emt 0:00:30]} 55. Bd2 {[%emt 0:00:00]} Kd5 {[%emt 0:00:00]} 56. Bc3 {[%emt 0:00:00]} g6 {[%emt 0:00:00]} 57. Ba5 {[%emt 0:00:00]} Kc4 {[%emt 0:00:30]} 58. Bd2 {[%emt 0:00:00]} Bc8 {[%emt 0:00:30]} 59. Ba5 {[%emt 0:00:00]} Ba6 {[%emt 0:00:00]} 60. Bd2 {[%emt 0:00:00]} Kd5 {[%emt 0:00:00]} 61. Bc3 {[%emt 0:00:00]} Bb5 {[%emt 0:00:30]} 62. Ba5 {[%emt 0:00:00]} Ke6 {[%emt 0:02:30]} 63. Bb4 {[%emt 0:00:00]} Kf5 {[%emt 0:00:30]} 64. f3 {[%emt 0:00:00]} Ke6 {[%emt 0:00:30]} 65. Ba5 {[%emt 0:00:00]} Kd5 {[%emt 0:00:33]} 66. Bc3 {[%emt 0:00:00]} Kc4 {[%emt 0:00:27]} 67. Ba5 {[%emt 0:00:00]} Kb3 {[%emt 0:00:30]} 68. Be1 {[%emt 0:00:00]} Kc2 {[%emt 0:00:00]} 69. Ba5 {[%emt 0:00:00]} Bc6 {[%emt 0:00:00]} 70. Bb4 {[%emt 0:00:00]} Kb3 {[%emt 0:01:30]} 71. Be1 {[%emt 0:00:00]} Kc4 {[%emt 0:00:00]} 72. Ba5 {[%emt 0:00:00]} Bb5 {[%emt 0:00:00]} 73. Be1 {[%emt 0:00:00]} Kd5 {[%emt 0:00:00]} 74. Ba5 {[%emt 0:00:00]} Ke6 {[%emt 0:00:00]} 75. Bb4 {[%emt 0:00:00]} Kf6 {[%emt 0:00:00]} 76. Bc3+ {[%emt 0:00:00]} Kf7 {[%emt 0:00:00]} 77. Bd4 {[%emt 0:00:00]} Bc6 {[%emt 0:00:30]} 78. Bc3 {[%emt 0:00:00]} Bb7 {[%emt 0:00:00]} 79. Bd4 {[%emt 0:00:00]} d2 {[%emt 0:00:00]} 80. Kxd2 {[%emt 0:00:00]} Bxf3 {[%emt 0:00:30]} 81. Ke3 {[%emt 0:00:00]} Bb7 {[%emt 0:00:00]} 82. Bb6 {[%emt 0:00:00]} Kf6 {[%emt 0:00:00]} 83. Bd8+ {[%emt 0:00:00]} Kf5 {[%emt 0:00:30]} 84. Bg5 {[%emt 0:00:00]} Kg4 {[%emt 0:00:00]} 85. Bd8 {[%emt 0:00:00]} h6 {[%emt 0:00:00]} 86. Be7 {[%emt 0:00:00]} Bc6 {[%emt 0:00:00]} 87. Bd8 {[%emt 0:00:00]} Bb7 {[%emt 0:00:00]} 88. Be7 {[%emt 0:00:00]} Bc6 {[%emt 0:00:30]} 89. Bd8 {[%emt 0:00:00]} Bb7 {[%emt 0:00:00]} 90. Be7 {[%emt 0:00:00]} 1/2-1/2

[Event "26th Zadar Open 2019"]
[Site "Zadar"]
[Date "2019.12.15"]
[Round "1.22"]
[White "Plenkovic, Zdenko"]
[Black "Mitev, Valentin"]
[Result "0-1"]
[WhiteElo "2355"]
[BlackElo "2233"]
[Annotator "NA"]
[PlyCount "138"]
[EventDate "2019.12.15"]
[EventType "swiss"]
[EventCountry "CRO"]
[SourceTitle "playchess.com"]
[Source "ChessBase"]
[SourceQuality "1"]
[TimeControl "40/5400+30:1800+30"]

1. e4 c5 2. Nf3 d6 3. d4 Nf6 {[%emt 0:00:30]} 4. Nc3 {[%emt 0:01:00]} cxd4 {[%emt 0:00:00]} 5. Nxd4 {[%emt 0:00:30]} Nc6 {[%emt 0:00:00]} 6. Bg5 {[%emt 0:06:30]} Bd7 {[%emt 0:00:30]} 7. Qd2 {[%emt 0:05:30]} Rc8 {[%emt 0:00:00]} 8. Be2 {[%emt 0:15:30]} Nxd4 {[%emt 0:00:00]} 9. Qxd4 {[%emt 0:02:30]} Qa5 {[%emt 0:00:30]} 10. Bd2 {[%emt 0:01:30]} e5 {[%emt 0:06:30]} 11. Qd3 {[%emt 0:06:30]} Qc7 {[%emt 0:01:30]} 12. O-O {[%emt 0:02:30]} a6 {[%emt 0:06:30]} 13. a4 {[%emt 0:05:30]} Be7 {[%emt 0:03:30]} 14. Qg3 {[%emt 0:03:30]} Be6 {[%emt 0:10:30]} 15. Qxg7 {[%emt 0:08:30]} Rg8 {[%emt 0:00:30]} 16. Qh6 {[%emt 0:00:30]} Rg6 {[%emt 0:06:30]} 17. Qe3 {[%emt 0:00:00]} d5 {[%emt 0:01:30]} 18. exd5 {[%emt 0:01:00]} Nxd5 {[%emt 0:00:00]} 19. Nxd5 {[%emt 0:02:30]} Bxd5 {[%emt 0:00:00]} 20. Bf3 {[%emt 0:00:30]} Bg5 {[%emt 0:01:30]} 21. Bxd5 {[%emt 0:12:30]} Bxe3 {[%emt 0:00:30]} 22. fxe3 {[%emt 0:00:00]} Rg7 {[%emt 0:11:30]} 23. c4 {[%emt 0:01:00]} Rd8 {[%emt 0:02:30]} 24. Rac1 {[%emt 0:09:23]} Rxd5 {[%emt 0:08:30]} 25. cxd5 {[%emt 0:00:16]} Qd6 {[%emt 0:00:30]} 26. e4 {[%emt 0:08:19]} Qg6 {[%emt 0:01:30]} 27. Rf2 {[%emt 0:00:34]} Qxe4 {[%emt 0:00:30]} 28. Re1 {[%emt 0:01:41]} Qxd5 {[%emt 0:03:30]} 29. Bc3 {[%emt 0:04:12]} f6 {[%emt 0:00:30]} 30. g3 {[%emt 0:00:03]} Qc5 {[%emt 0:05:30]} 31. Kf1 {[%emt 0:02:05]} Qc6 {[%emt 0:01:30]} 32. Kg1 {[%emt 0:00:11]} h5 {[%emt 0:19:44]} 33. Rxf6 {[%emt 0:01:08]} Qxf6 {[%emt 0:00:40]} 34. Bxe5 {[%emt 0:00:30]} Re7 {[%emt 0:00:49]} 35. Bxf6 {[%emt 0:00:30]} Rxe1+ {[%emt 0:00:45]} 36. Kg2 {[%emt 0:00:30]} Ra1 {[%emt 0:01:49]} 37. Kf2 {[%emt 0:00:30]} Rxa4 {[%emt 0:00:40]} 38. Bc3 {[%emt 0:00:30]} Kd7 {[%emt 0:00:38]} 39. Ke3 {[%emt 0:00:30]} Ke6 {[%emt 0:00:37]} 40. h3 {[%emt 0:00:30]} Kd5 {[%emt 0:00:00]} 41. Kf3 {[%emt 0:30:42]} Rc4 42. g4 hxg4+ 43. hxg4 Ke6 44. g5 Kf5 45. Bf6 Rb4 46. Ke3 Rb3+ 47. Kd2 Rg3 48. Kc2 Ke4 49. b3 Kd5 50. Bd8 Kc6 51. Be7 Kb5 52. Bf6 a5 53. Be7 a4 54. bxa4+ Kxa4 55. Kb2 b5 56. Kc2 b4 57. Kd2 b3 58. Kc1 Rg2 59. Kb1 Re2 60. Bf8 Re8 61. Bd6 Rg8 62. Be7 Rg7 63. Bf6 Rd7 64. g6 Ka3 65. Bb2+ Kb4 66. Be5 Rd2 67. g7 Ka3 68. Kc1 Rg2 69. Bd4 Ka2 0-1

[Event "26th Zadar Open 2019"]
[Site "Zadar"]
[Date "2019.12.15"]
[Round "1.23"]
[White "Vidic, Teja"]
[Black "Manush Shah"]
[Result "0-1"]
[WhiteElo "2221"]
[BlackElo "2341"]
[Annotator "NA"]
[PlyCount "114"]
[EventDate "2019.12.15"]
[EventType "swiss"]
[EventCountry "CRO"]
[SourceTitle "playchess.com"]
[Source "ChessBase"]
[SourceQuality "1"]
[TimeControl "40/5400+30:1800+30"]

1. e4 {[%emt 0:00:30]} c6 {[%emt 0:00:30]} 2. Nc3 {[%emt 0:00:00]} d5 {[%emt 0:00:30]} 3. Nf3 {[%emt 0:00:00]} dxe4 {[%emt 0:00:00]} 4. Nxe4 {[%emt 0:00:30]} Nf6 {[%emt 0:00:00]} 5. Qe2 {[%emt 0:00:30]} Nxe4 {[%emt 0:00:30]} 6. Qxe4 {[%emt 0:00:00]} Qd5 {[%emt 0:00:00]} 7. Qf4 {[%emt 0:00:00]} Qf5 {[%emt 0:04:00]} 8. Qe3 {[%emt 0:04:30]} Qe6 {[%emt 0:09:30]} 9. b3 {[%emt 0:00:30]} Qxe3+ {[%emt 0:00:30]} 10. fxe3 {[%emt 0:00:00]} f6 {[%emt 0:02:30]} 11. Bb2 {[%emt 0:02:00]} Bg4 {[%emt 0:00:30]} 12. h3 {[%emt 0:05:30]} Bh5 {[%emt 0:01:30]} 13. g4 {[%emt 0:01:30]} Bf7 {[%emt 0:01:30]} 14. O-O-O {[%emt 0:03:30]} a5 {[%emt 0:00:30]} 15. d4 {[%emt 0:08:30]} Bd5 {[%emt 0:09:30]} 16. Bg2 {[%emt 0:09:30]} Nd7 {[%emt 0:00:30]} 17. e4 {[%emt 0:14:30]} Bxe4 {[%emt 0:03:30]} 18. Rhe1 {[%emt 0:00:30]} Bd5 {[%emt 0:02:30]} 19. c4 {[%emt 0:01:30]} Bf7 {[%emt 0:00:30]} 20. d5 {[%emt 0:04:30]} cxd5 {[%emt 0:02:30]} 21. cxd5 {[%emt 0:00:30]} Rc8+ {[%emt 0:14:30]} 22. Kb1 {[%emt 0:00:30]} Rc5 {[%emt 0:00:30]} 23. Nh4 {[%emt 0:11:30]} g6 {[%emt 0:09:30]} 24. a4 {[%emt 0:09:30]} Kd8 {[%emt 0:04:30]} 25. Be4 {[%emt 0:07:51]} Bh6 {[%emt 0:06:30]} 26. Nf3 {[%emt 0:01:49]} Kc8 {[%emt 0:11:41]} 27. Ba3 {[%emt 0:04:11]} Rc3 {[%emt 0:01:21]} 28. Kb2 {[%emt 0:01:56]} Re3 {[%emt 0:03:45]} 29. Rc1+ {[%emt 0:04:10]} Kd8 {[%emt 0:01:29]} 30. Rxe3 {[%emt 0:00:10]} Bxe3 {[%emt 0:00:12]} 31. Rc3 {[%emt 0:00:18]} Bf4 {[%emt 0:00:51]} 32. Nd4 {[%emt 0:02:55]} Be5 {[%emt 0:01:20]} 33. Rd3 {[%emt 0:00:03]} h5 {[%emt 0:02:20]} 34. Kc2 {[%emt 0:01:17]} hxg4 {[%emt 0:01:57]} 35. Ne6+ {[%emt 0:00:11]} Ke8 {[%emt 0:00:57]} 36. Ng7+ {[%emt 0:01:08]} Kf8 {[%emt 0:01:07]} 37. Ne6+ {[%emt 0:00:03]} Kg8 {[%emt 0:00:53]} 38. hxg4 {[%emt 0:00:18]} Rh2+ {[%emt 0:00:04]} 39. Kb1 {[%emt 0:02:37]} Re2 {[%emt 0:02:51]} 40. Bf3 {[%emt 0:00:07]} Re1+ {[%emt 0:00:12]} 41. Kc2 {[%emt 0:00:26]} g5 {[%emt 0:11:00]} 42. Kd2 {[%emt 0:05:30]} Bg6 {[%emt 0:04:47]} 43. Kxe1 {[%emt 0:00:30]} Bxd3 {[%emt 0:00:03]} 44. Kd2 {[%emt 0:00:30]} Bf1 {[%emt 0:01:47]} 45. Bxe7 {[%emt 0:01:30]} Kf7 {[%emt 0:00:23]} 46. Ba3 {[%emt 0:02:30]} b6 {[%emt 0:01:38]} 47. Be4 {[%emt 0:02:30]} b5 {[%emt 0:06:19]} 48. axb5 {[%emt 0:01:30]} Bxb5 {[%emt 0:00:10]} 49. Nd8+ {[%emt 0:01:10]} Ke8 {[%emt 0:02:12]} 50. Nc6 {[%emt 0:00:20]} Bf4+ {[%emt 0:00:14]} 51. Kc3 {[%emt 0:08:05]} Ne5 {[%emt 0:01:26]} 52. Kd4 {[%emt 0:01:12]} Bxc6 {[%emt 0:01:08]} 53. dxc6 {[%emt 0:00:10]} Nxg4 {[%emt 0:00:13]} 54. Bf5 {[%emt 0:04:37]} Ne3 {[%emt 0:00:41]} 55. Be6 {[%emt 0:01:45]} Nc2+ {[%emt 0:01:15]} 56. Ke4 {[%emt 0:02:21]} Nxa3 {[%emt 0:00:17]} 57. Kf5 {[%emt 0:00:04]} Ke7 {[%emt 0:00:08]} 0-1

[Event "26th Zadar Open 2019"]
[Site "Zadar"]
[Date "2019.12.15"]
[Round "1.24"]
[White "Bhambure, Shantanu"]
[Black "Ly, Dominik"]
[Result "1-0"]
[WhiteElo "2340"]
[BlackElo "2220"]
[Annotator "NA"]
[PlyCount "61"]
[EventDate "2019.12.15"]
[EventType "swiss"]
[EventCountry "CRO"]
[SourceTitle "playchess.com"]
[Source "ChessBase"]
[SourceQuality "1"]
[TimeControl "40/5400+30:1800+30"]

1. d4 {[%emt 0:00:30]} d5 {[%emt 0:00:30]} 2. c4 {[%emt 0:00:00]} c6 {[%emt 0:00:30]} 3. Nf3 {[%emt 0:00:00]} Nf6 {[%emt 0:00:00]} 4. Qc2 {[%emt 0:00:30]} e6 {[%emt 0:01:00]} 5. Bg5 {[%emt 0:01:30]} Nbd7 {[%emt 0:01:30]} 6. e3 {[%emt 0:01:30]} Be7 {[%emt 0:02:30]} 7. Nc3 {[%emt 0:00:30]} O-O {[%emt 0:00:30]} 8. Rd1 {[%emt 0:00:30]} b6 {[%emt 0:05:30]} 9. Bd3 {[%emt 0:17:30]} Bb7 {[%emt 0:02:30]} 10. O-O {[%emt 0:00:30]} Rc8 {[%emt 0:01:30]} 11. Qb1 {[%emt 0:15:30]} h6 {[%emt 0:05:30]} 12. Bh4 {[%emt 0:03:30]} c5 {[%emt 0:05:30]} 13. cxd5 {[%emt 0:07:30]} exd5 {[%emt 0:01:30]} 14. dxc5 {[%emt 0:02:30]} bxc5 {[%emt 0:04:30]} 15. Bf5 {[%emt 0:02:30]} Rb8 {[%emt 0:11:30]} 16. Bg3 {[%emt 0:04:30]} Ra8 {[%emt 0:00:30]} 17. Rfe1 {[%emt 0:12:30]} Nb6 {[%emt 0:10:30]} 18. e4 {[%emt 0:07:30]} d4 {[%emt 0:08:30]} 19. Nb5 {[%emt 0:00:30]} Ne8 {[%emt 0:07:30]} 20. Nfxd4 {[%emt 0:03:18]} cxd4 {[%emt 0:11:40]} 21. Rxd4 {[%emt 0:00:10]} Nd5 {[%emt 0:00:59]} 22. exd5 {[%emt 0:00:57]} Bf6 {[%emt 0:01:24]} 23. Rdd1 {[%emt 0:02:24]} Qb6 {[%emt 0:00:37]} 24. Nc3 {[%emt 0:03:35]} Rd8 {[%emt 0:02:49]} 25. Be5 {[%emt 0:03:44]} Bxe5 {[%emt 0:01:34]} 26. Rxe5 {[%emt 0:00:04]} Nf6 {[%emt 0:00:13]} 27. Qd3 {[%emt 0:03:41]} Qd6 {[%emt 0:04:13]} 28. Qd4 {[%emt 0:03:16]} g6 {[%emt 0:04:55]} 29. Bh3 {[%emt 0:00:31]} a6 {[%emt 0:00:53]} 30. g3 {[%emt 0:00:54]} Rfe8 {[%emt 0:02:30]} 31. f4 {[%emt 0:01:50]} 1-0

[Event "26th Zadar Open 2019"]
[Site "Zadar"]
[Date "2019.12.15"]
[Round "1.25"]
[White "Hrescak, Ivana"]
[Black "Nester, Ihor"]
[Result "1/2-1/2"]
[WhiteElo "2194"]
[BlackElo "2329"]
[Annotator "NA"]
[PlyCount "104"]
[EventDate "2019.12.15"]
[EventType "swiss"]
[EventCountry "CRO"]
[SourceTitle "playchess.com"]
[Source "ChessBase"]
[SourceQuality "1"]
[TimeControl "40/5400+30:1800+30"]

1. d4 {[%emt 0:00:30]} f5 {[%emt 0:00:30]} 2. Bg5 {[%emt 0:01:30]} g6 {[%emt 0:00:30]} 3. h4 {[%emt 0:00:00]} Bg7 {[%emt 0:00:00]} 4. e3 {[%emt 0:01:00]} h6 {[%emt 0:02:00]} 5. Bf4 {[%emt 0:00:30]} d6 {[%emt 0:00:30]} 6. Nf3 {[%emt 0:02:30]} Nf6 {[%emt 0:10:30]} 7. Bc4 {[%emt 0:03:30]} e6 {[%emt 0:00:30]} 8. Nc3 {[%emt 0:01:30]} Qe7 {[%emt 0:01:30]} 9. Qe2 {[%emt 0:03:30]} Nc6 {[%emt 0:01:30]} 10. Bh2 {[%emt 0:04:30]} Bd7 {[%emt 0:07:30]} 11. Bb3 {[%emt 0:12:30]} O-O-O {[%emt 0:15:30]} 12. O-O-O {[%emt 0:02:30]} e5 {[%emt 0:08:30]} 13. d5 {[%emt 0:04:30]} Nb8 {[%emt 0:13:30]} 14. Bc4 {[%emt 0:12:30]} Be8 {[%emt 0:05:30]} 15. Nd2 {[%emt 0:08:30]} Nbd7 {[%emt 0:00:30]} 16. Nb5 {[%emt 0:06:30]} Kb8 {[%emt 0:01:30]} 17. Nb3 {[%emt 0:04:30]} Nb6 {[%emt 0:00:30]} 18. Nc3 {[%emt 0:02:30]} g5 {[%emt 0:04:30]} 19. Na5 {[%emt 0:02:30]} Nfd7 {[%emt 0:04:30]} 20. Bb5 {[%emt 0:04:30]} Nc5 {[%emt 0:01:27]} 21. Rhe1 {[%emt 0:09:17]} Bxb5 {[%emt 0:02:36]} 22. Nxb5 {[%emt 0:02:23]} gxh4 {[%emt 0:01:07]} 23. f3 {[%emt 0:03:44]} Qd7 {[%emt 0:05:02]} 24. Bg1 {[%emt 0:02:51]} a6 {[%emt 0:00:50]} 25. Na3 {[%emt 0:02:09]} Qa4 {[%emt 0:01:44]} 26. Nb3 {[%emt 0:02:03]} Nxb3+ {[%emt 0:08:40]} 27. axb3 {[%emt 0:00:30]} Qa5 {[%emt 0:00:39]} 28. e4 {[%emt 0:00:30]} fxe4 {[%emt 0:00:38]} 29. fxe4 {[%emt 0:00:01]} Bf6 {[%emt 0:00:14]} 30. Kb1 {[%emt 0:00:30]} Bg5 {[%emt 0:00:37]} 31. Rf1 {[%emt 0:00:30]} Rhf8 {[%emt 0:00:40]} 32. Bf2 {[%emt 0:00:30]} Nd7 {[%emt 0:00:40]} 33. Be1 {[%emt 0:00:30]} Qb6 {[%emt 0:00:37]} 34. Bf2 {[%emt 0:00:30]} c5 {[%emt 0:00:40]} 35. Nc4 {[%emt 0:00:30]} Qc7 {[%emt 0:00:38]} 36. Be1 {[%emt 0:00:30]} Rxf1 {[%emt 0:00:37]} 37. Qxf1 {[%emt 0:00:30]} b6 {[%emt 0:00:15]} 38. Qe2 {[%emt 0:00:48]} Rf8 {[%emt 0:00:40]} 39. Bc3 {[%emt 0:00:25]} Rf6 {[%emt 0:00:45]} 40. Rf1 {[%emt 0:00:21]} Qd8 {[%emt 0:00:00]} 41. b4 {[%emt 0:15:18]} Ka7 {[%emt 0:16:08]} 42. bxc5 {[%emt 0:04:56]} Nxc5 {[%emt 0:00:06]} 43. Rxf6 {[%emt 0:00:44]} Qxf6 {[%emt 0:00:11]} 44. Bb4 {[%emt 0:00:39]} Nb7 {[%emt 0:03:47]} 45. Be1 {[%emt 0:02:44]} b5 {[%emt 0:01:20]} 46. Na3 {[%emt 0:03:35]} Qf4 {[%emt 0:01:30]} 47. Bf2+ {[%emt 0:02:58]} Kb8 {[%emt 0:00:12]} 48. Ka2 {[%emt 0:00:22]} Qd2 {[%emt 0:06:12]} 49. Qf3 {[%emt 0:02:18]} Qf4 {[%emt 0:04:13]} 50. Qe2 {[%emt 0:00:13]} Qd2 {[%emt 0:01:25]} 51. Qf3 {[%emt 0:00:09]} Qf4 {[%emt 0:00:04]} 52. Qe2 {[%emt 0:00:05]} Qd2 {[%emt 0:00:05]} 1/2-1/2

[Event "26th Zadar Open 2019"]
[Site "Zadar"]
[Date "2019.12.15"]
[Round "1.26"]
[White "Rudolf, Michal"]
[Black "Ghersinich, Enrico"]
[Result "1-0"]
[WhiteElo "2328"]
[BlackElo "2157"]
[Annotator "NA"]
[PlyCount "75"]
[EventDate "2019.12.15"]
[EventType "swiss"]
[EventCountry "CRO"]
[SourceTitle "playchess.com"]
[Source "ChessBase"]
[SourceQuality "1"]
[TimeControl "40/5400+30:1800+30"]

1. e4 {[%emt 0:00:30]} c5 {[%emt 0:00:30]} 2. Nf3 {[%emt 0:00:00]} d6 {[%emt 0:00:30]} 3. Bb5+ {[%emt 0:00:00]} Nd7 {[%emt 0:00:30]} 4. O-O {[%emt 0:00:30]} a6 {[%emt 0:00:00]} 5. Bd3 {[%emt 0:00:00]} b5 {[%emt 0:00:00]} 6. c4 {[%emt 0:00:00]} Ne5 {[%emt 0:06:30]} 7. Nxe5 {[%emt 0:10:30]} dxe5 {[%emt 0:00:00]} 8. Be2 {[%emt 0:04:30]} b4 {[%emt 0:04:00]} 9. a3 {[%emt 0:00:30]} Qa5 {[%emt 0:02:30]} 10. d3 {[%emt 0:02:30]} e6 {[%emt 0:07:30]} 11. Nd2 {[%emt 0:02:30]} Nf6 {[%emt 0:07:30]} 12. Nf3 {[%emt 0:01:30]} Qc7 {[%emt 0:01:30]} 13. Be3 {[%emt 0:11:30]} Ng4 {[%emt 0:02:30]} 14. Bd2 {[%emt 0:00:30]} Bd7 {[%emt 0:05:30]} 15. Ne1 {[%emt 0:05:30]} Nf6 {[%emt 0:00:30]} 16. axb4 {[%emt 0:04:30]} cxb4 {[%emt 0:00:30]} 17. Nc2 {[%emt 0:00:30]} Qb8 {[%emt 0:02:30]} 18. Ra5 {[%emt 0:10:30]} Bd6 {[%emt 0:05:30]} 19. Qa1 {[%emt 0:00:30]} Qb7 {[%emt 0:01:30]} 20. f4 {[%emt 0:02:30]} Bc7 {[%emt 0:04:30]} 21. Rxe5 {[%emt 0:02:30]} Bxe5 {[%emt 0:00:30]} 22. fxe5 {[%emt 0:00:30]} Ng8 {[%emt 0:00:30]} 23. Bxb4 {[%emt 0:00:30]} Bc6 {[%emt 0:04:30]} 24. Qa3 {[%emt 0:07:30]} Ne7 {[%emt 0:10:30]} 25. Nd4 {[%emt 0:01:30]} Ng6 {[%emt 0:01:30]} 26. Bd6 {[%emt 0:03:30]} Bd7 {[%emt 0:02:30]} 27. Kh1 {[%emt 0:03:30]} f6 {[%emt 0:01:30]} 28. exf6 {[%emt 0:00:30]} gxf6 {[%emt 0:00:00]} 29. Rxf6 {[%emt 0:00:00]} e5 {[%emt 0:03:00]} 30. Nf5 {[%emt 0:02:00]} Bxf5 {[%emt 0:01:30]} 31. exf5 {[%emt 0:00:30]} Nh4 {[%emt 0:01:30]} 32. Bh5+ {[%emt 0:01:30]} Kd8 {[%emt 0:00:00]} 33. Qa5+ {[%emt 0:01:30]} Kc8 {[%emt 0:00:00]} 34. Qc5+ {[%emt 0:00:00]} Kd8 {[%emt 0:00:30]} 35. Bc7+ {[%emt 0:02:00]} Qxc7 {[%emt 0:01:30]} 36. Qd5+ {[%emt 0:00:30]} Qd7 {[%emt 0:00:30]} 37. Qxa8+ {[%emt 0:00:00]} Kc7 {[%emt 0:00:30]} 38. Qxh8 {[%emt 0:02:00]} 1-0

[Event "26th Zadar Open 2019"]
[Site "Zadar"]
[Date "2019.12.16"]
[Round "2"]
[White "Predojevic, Borki"]
[Black "Mosesov, Danyil"]
[Result "1/2-1/2"]
[WhiteElo "2616"]
[BlackElo "2290"]
[Annotator "TA"]
[PlyCount "83"]
[EventDate "2019.??.??"]
[EventCountry "CRO"]
[SourceTitle "playchess.com"]
[Source "ChessBase"]
[SourceQuality "1"]

{[%evp 9,83,25,20,9,8,17,16,11,16,16,43,43,45,47,46,45,44,38,52,47,50,19,53,16,16,13,13,15,20,16,13,11,22,17,22,22,34,22,25,0,0,0,7,6,7,0,0,4,8,0,2,0,0,0,0,0,0,0,0,0,0,0,0,0,0,0,0,0,0,0,0,0,0,0,0,0]} 1. Nf3 d5 2. g3 Nd7 3. d4 Nb6 4. a4 $146 ({Predecessor:} 4. Bg2 h6 5. Ne5 Nf6 6. O-O Bf5 7. c4 e6 8. Nc3 c6 9. Qb3 dxc4 10. Nxc4 Qxd4 11. Na5 {1-0 (31) Skoberne,J (2560)-Nisipeanu,L (2652) Austria 2014}) 4... a5 5. b3 Bf5 6. Ba3 {D02: 1 d4 d5 2 Nf3 sidelines, including 2...Nf6 3 g3 and 2...Nf6 3 Bf4} e6 7. Bxf8 Kxf8 8. Bg2 Nf6 9. O-O Ke7 10. Nh4 Re8 11. Nxf5+ exf5 12. Qd3 g6 13. c4 Kf8 14. Nc3 c6 15. Rfc1 Kg7 16. Ra2 (16. e3 {is interesting.} Ne4 17. Ra2 Nxc3 18. Qxc3 Re7 19. h4) 16... h5 17. cxd5 Nbxd5 18. Nxd5 Nxd5 19. Bxd5 Qxd5 20. Rc5 Qe4 21. Qxe4 Rxe4 $11 {[%mdl 4096] Endgame KRR-KRR} 22. e3 Kf6 23. Rac2 Re6 24. d5 cxd5 {The position is equal.} 25. Rb5 b6 26. Rxd5 Rae8 27. Kf1 Re5 28. Rd4 Re4 29. Rcc4 R8e6 30. Ke2 (30. Rc7 {feels hotter.} Re7 31. Rd6+ R7e6 32. Rd3 Rb4 33. Rb7) 30... Rxd4 31. Rxd4 {KR-KR} Rc6 32. Kd3 Ke5 33. e4 fxe4+ 34. Rxe4+ Kd5 35. Rd4+ Ke5 36. Re4+ Kd5 37. Re7 f6 38. Rg7 Kc5 39. Kc3 Kd5+ 40. Kd3 Kc5 41. Kc3 Kd5+ 42. Kd3 {Accuracy: White = 69%, Black = 89%.} 1/2-1/2

[Event "26th Zadar Open 2019"]
[Site "Zadar"]
[Date "2019.12.16"]
[Round "2"]
[White "Brkic, Ante"]
[Black "Bukal, Vladimir Jr."]
[Result "1-0"]
[WhiteElo "2576"]
[BlackElo "2393"]
[Annotator "TA"]
[PlyCount "61"]
[EventDate "2019.??.??"]
[EventCountry "CRO"]
[SourceTitle "playchess.com"]
[Source "ChessBase"]
[SourceQuality "1"]

{[%evp 9,61,37,52,32,35,33,25,29,26,26,87,87,91,74,65,68,90,86,93,93,78,95,95,100,97,92,116,84,116,115,122,110,119,114,139,93,146,135,135,132,139,129,150,108,133,114,113,113,120,117,122,101,1882,1840]} 1. e4 d5 2. exd5 Qxd5 3. Nc3 Qa5 4. d4 Nf6 5. Bd2 Bg4 6. f3 {B01: Scandinavian Defence} Bd7 7. Bc4 Qb6 8. Nge2 {White has an edge.} e6 9. O-O c5 $146 {[#]} (9... Be7 $11 {remains equal.}) ({Predecessor:} 9... Be7 10. a4 a5 11. Ne4 c5 12. dxc5 Bxc5+ 13. Kh1 Nxe4 14. fxe4 {1-0 (33) Naiditsch,A (2710)-Stevic,H (2626) Bol 2013}) 10. d5 $1 $16 exd5 11. Nxd5 Nxd5 12. Bxd5 {Threatens to win with Bc3.} Be7 13. Bc3 O-O 14. Ng3 $36 {[%mdl 2048] Black is under strong pressure.} Nc6 15. Bxf7+ $1 Rxf7 16. Qxd7 Nd4 17. Rae1 Bd6 18. Qg4 Bxg3 19. hxg3 Nxc2 20. Re6 Qc7 21. Rd1 Nd4 22. Re4 Nf5 (22... Qd7 $142) 23. Re5 Nd4 24. Bxd4 cxd4 25. Qxd4 h6 26. g4 Rc8 27. g5 hxg5 28. Rxg5 Qc2 29. Re1 a6 30. Rh5 {Strongly threatening Qh4.} Qc4 $2 {[%mdl 8192] [#]} (30... Rf5 $16 31. Rxf5 Qxf5) 31. Re8+ $1 {[%mdl 512] Accuracy: White = 75%, Black = 40%.} 1-0